| 000 | 00668nam a2200217 i 4500 | ||
|---|---|---|---|
| 001 | 17219 | ||
| 003 | ES-MaACL | ||
| 005 | 20230906151528.0 | ||
| 007 | t| | ||
| 008 | 010122s2000 sp ||||0| spa | ||
| 080 | _a821.134.2(72)-6"19" | ||
| 080 | _a929 Rulfo, Juan | ||
| 100 | 1 |
_aRulfo, Juan ( _d1917-1986) _9173452 |
|
| 245 | 1 | 0 |
_aAire de las colinas : _bcartas a Clara / _cJuan Rulfo ; prólogo, edición y notas de Alberto Vital. |
| 250 | _a1ª ed. | ||
| 260 |
_aMadrid : _bDebate, _c2000. |
||
| 300 |
_a341 p. ; _c22 cm. |
||
| 600 | 1 | 4 |
_aRulfo, Juan ( _d1917-1986)- _vCorrespondencia. _9173454 |
| 700 | 1 |
_aVital, Alberto. _9115498 |
|
| 852 |
_aES-MaACL _jL-24183 |
||
| 999 |
_c17219 _d17219 |
||